00385 2200169 4500001002100000005001500021008004100036020001800077035001900095041000600114082000800120090001200128245002400140260001800164300002300182650001000205INLIS00000000000627020241224113247241224||||||||| | ||| |||| ||  a979-665 149-1 0010-1224006270 a00 a811 a811 ANT00aANTOLOGI puisi 1997 bAngkasac1997 axvii 316 hlm 20 cm 0aPuisi